| 000 | 00388nam a2200145Ia 4500 | ||
|---|---|---|---|
| 008 | 240624s9999 xx 000 0 und d | ||
| 041 | _aeng | ||
| 082 | _a338.954 GIL | ||
| 100 | _aGILL RICHARD T | ||
| 245 | _aECONOMIC DEVELOPMENT PAST AND PRESENT | ||
| 250 | _a(3rd ed.) | ||
| 260 |
_c2007 _aNew Delhi _bPrentice-Hall of India |
||
| 300 | _aviii, , 143 , 25 , p. , cm. | ||
| 365 |
_cRS _b36 |
||
| 999 |
_c7282 _d7282 |
||